| 000 | 00649cam a2200217u 4500 | ||
|---|---|---|---|
| 001 | 8436793 | ||
| 003 | OSt | ||
| 005 | 20230602150542.0 | ||
| 008 | 821202s1952 enka 000 0 eng | ||
| 010 | _a 62000227 | ||
| 040 |
_aDLC _cCarP _dDLC |
||
| 082 |
_a305.233 _bOMI |
||
| 100 | 1 | _aOminde, Simeon H. [from old catalog] | |
| 245 | 1 | 4 | _aThe Luo girl, from infancy to marriage. |
| 260 |
_aLondon, _bMacmillan, _c1952. |
||
| 300 |
_a69 p. _billus. _c19 cm. |
||
| 650 | 0 | _aLuo (Kenyan and Tanzanian people) | |
| 650 | 0 |
_aWomen _xSocial and moral questions. [from old catalog] |
|
| 906 |
_a0 _bcbc _cpremunv _du _encip _f19 _gy-gencatlg |
||
| 942 |
_2ddc _cBK |
||
| 999 |
_c184 _d184 |
||